[Event "Vrsac"]
[Site "Vrsac"]
[Date "1981.??.??"]
[Round "11"]
[White "Velimirovic, Dragoljub"]
[Black "Smejkal, Jan"]
[Result "0-1"]
[WhiteElo "2520"]
[BlackElo "2540"]
[PlyCount "66"]
[EventDate "1981.09.??"]
[EventType "tourn"]
[EventRounds "15"]
[EventCountry "YUG"]
[EventCategory "10"]
[Source "ChessBase"]
[SourceDate "1999.07.01"]
[WhiteTeamCountry "YUG"]
[BlackTeamCountry "YUG"]

1. e4 e5 2. Nf3 Nc6 3. c3 Nf6 4. d4 Nxe4 5. d5 Ne7 6. Nxe5 Ng6 7. Qd4 Qf6 8.
Qxe4 Qxe5 9. Nd2 d6 10. Qxe5+ dxe5 11. Bb5+ Bd7 12. Bxd7+ Kxd7 13. Nc4 Bd6 14.
Be3 f5 15. g3 f4 16. Bd2 Rae8 17. Nxd6 cxd6 18. O-O-O Rhf8 19. Rhe1 e4 20. gxf4
Nxf4 21. Bxf4 Rxf4 22. Re2 Rh4 23. Rd4 Rxh2 24. Rb4 b6 25. Ra4 a5 26. b4 Rf8
27. Kd2 Rfxf2 28. Rxf2 Rxf2+ 29. Ke3 Rf3+ 30. Kxe4 Rxc3 31. bxa5 b5 32. Rb4
Rc4+ 33. Rxc4 bxc4 0-1

[Event "Vrsac"]
[Site "Vrsac"]
[Date "1981.??.??"]
[Round "13"]
[White "Velimirovic, Dragoljub"]
[Black "Kurajica, Bojan"]
[Result "0-1"]
[WhiteElo "2520"]
[BlackElo "2500"]
[PlyCount "77"]
[EventDate "1981.09.??"]
[EventType "tourn"]
[EventRounds "15"]
[EventCountry "YUG"]
[EventCategory "10"]
[Source "ChessBase"]
[SourceDate "1999.07.01"]
[WhiteTeamCountry "YUG"]
[BlackTeamCountry "YUG"]

1. e4 c5 2. Nf3 Nc6 3. d4 cxd4 4. Nxd4 Qc7 5. Nc3 e6 6. Be2 Nf6 7. O-O Be7 8.
Kh1 O-O 9. f4 d6 10. Bf3 Nxd4 11. Qxd4 e5 12. Qf2 Bd7 13. a4 b6 14. f5 Bc6 15.
g4 h6 16. h4 Nh7 17. Rg1 g5 18. Kg2 Kg7 19. Rh1 Rh8 20. Be3 Rag8 21. Qd2 Kf8
22. hxg5 Nxg5 23. Rh5 Rh7 24. Rd1 Qc8 25. Bxg5 Rxg5 26. Rxg5 hxg5 27. b3 Kg7
28. Rh1 Rxh1 29. Kxh1 Qa8 30. Kg2 a6 31. Qd3 Qb7 32. b4 Be8 33. Be2 Qc8 34. Qc4
Bc6 35. Qxa6 Bb7 36. Qc4 Qa8 37. Qb3 Bxe4+ 38. Nxe4 Qxe4+ 39. Bf3 $138 0-1

[Event "Vrsac"]
[Site "Vrsac"]
[Date "1981.??.??"]
[Round "15"]
[White "Popovic, Petar"]
[Black "Velimirovic, Dragoljub"]
[Result "0-1"]
[WhiteElo "2490"]
[BlackElo "2520"]
[PlyCount "109"]
[EventDate "1981.09.??"]
[EventType "tourn"]
[EventRounds "15"]
[EventCountry "YUG"]
[EventCategory "10"]
[Source "ChessBase"]
[SourceDate "1999.07.01"]
[WhiteTeamCountry "YUG"]
[BlackTeamCountry "YUG"]

1. e4 c5 2. Nf3 d6 3. d4 cxd4 4. Nxd4 Nf6 5. Nc3 g6 6. Be3 Bg7 7. f3 Nc6 8. Qd2
O-O 9. O-O-O Nxd4 10. Bxd4 Be6 11. Kb1 Qc7 12. h4 Rfc8 13. h5 Qa5 14. h6 Bh8
15. a3 Rab8 16. Bxf6 Bxf6 17. Nd5 Qxd2 18. Nxf6+ exf6 19. Rxd2 Rc6 20. Bb5 Rc5
21. Be2 Rd8 22. f4 Kf8 23. Rhd1 Ke7 24. Rd4 b6 25. c4 a5 26. b4 Rcc8 27. Kb2
Ra8 28. Bd3 axb4 29. axb4 b5 30. f5 bxc4 31. fxe6 cxd3 32. exf7 Kxf7 33. R1xd3
Rab8 34. Kb3 Rb6 35. Rc4 Ke6 36. Kc3 Rdb8 37. Rdd4 f5 38. Rc7 R8b7 39. exf5+
gxf5 40. Rxb7 Rxb7 41. Rd1 d5 42. Re1+ Kd6 43. Re8 Rc7+ 44. Kb3 d4 45. Rd8+ Ke5
46. b5 Ke4 47. Ka4 Rc1 48. b6 Rb1 49. Ka5 d3 50. Rd7 Ke3 51. Rxh7 d2 52. Rd7
Ra1+ 53. Kb5 d1=Q 54. Rxd1 Rxd1 55. b7 $138 0-1

[Event "Budva zt"]
[Site "Budva"]
[Date "1981.??.??"]
[Round "1"]
[White "Velimirovic, Dragoljub"]
[Black "Soylu, Suat"]
[Result "1/2-1/2"]
[WhiteElo "2520"]
[BlackElo "2235"]
[PlyCount "89"]
[EventDate "1981.10.??"]
[EventType "tourn"]
[EventRounds "19"]
[EventCountry "YUG"]
[EventCategory "6"]
[Source "ChessBase"]
[SourceDate "1999.07.01"]
[WhiteTeamCountry "YUG"]
[BlackTeamCountry "YUG"]

1. e4 c5 2. Nf3 d6 3. d4 cxd4 4. Nxd4 Nf6 5. Nc3 a6 6. Bg5 e6 7. f4 b5 8. Qf3
Bb7 9. O-O-O Nbd7 10. Bd3 Be7 11. Rhe1 Qb6 12. Nd5 Qxd4 13. Nc7+ Kd8 14. Nxa8
Qc5 15. Qg3 Bxa8 16. e5 dxe5 17. fxe5 Nd5 18. Bxe7+ Qxe7 19. Qxg7 Qf8 20. Qg5+
Kc7 21. Rf1 Rg8 22. Qh5 f5 23. exf6 N5xf6 24. Qe2 Bd5 25. Kb1 Rxg2 26. Qe3 Kb7
27. Bxh7 Rxh2 28. Bd3 Qh6 29. Qd4 e5 30. Qb4 e4 31. Bxb5 axb5 32. Qxb5+ Nb6 33.
b3 Bc6 34. Qe5 Nfd7 35. Qe7 Qe3 36. Rd6 Qc3 37. Rc1 e3 38. Re6 Nd5 39. Qd6 Qc5
40. Qxh2 Nc3+ 41. Kb2 Qd4 42. Qd6 Na4+ 43. Ka3 Qb2+ 44. Kb4 Qc3+ 45. Ka3
1/2-1/2

[Event "Budva zt"]
[Site "Budva"]
[Date "1981.??.??"]
[Round "2"]
[White "Makropoulos, Georgios"]
[Black "Velimirovic, Dragoljub"]
[Result "0-1"]
[WhiteElo "2475"]
[BlackElo "2520"]
[PlyCount "36"]
[EventDate "1981.10.??"]
[EventType "tourn"]
[EventRounds "19"]
[EventCountry "YUG"]
[EventCategory "6"]
[Source "ChessBase"]
[SourceDate "1999.07.01"]
[WhiteTeamCountry "YUG"]
[BlackTeamCountry "YUG"]

1. e4 e5 2. Nf3 Nc6 3. c3 d5 4. Qa4 Qd6 5. d4 Bd7 6. Bb5 exd4 7. exd5 Qxd5 8.
O-O O-O-O 9. cxd4 a6 10. Nc3 Qf5 11. Bxa6 bxa6 12. Qxa6+ Kb8 13. Nb5 Be8 14.
Ne5 Nge7 15. Qa4 Nc8 16. Be3 N6a7 17. Qa5 Nxb5 18. a4 Nbd6 0-1

[Event "Budva zt"]
[Site "Budva"]
[Date "1981.??.??"]
[Round "3"]
[White "Velimirovic, Dragoljub"]
[Black "Attard, Wilfred"]
[Result "1-0"]
[WhiteElo "2520"]
[BlackElo "2225"]
[PlyCount "65"]
[EventDate "1981.10.??"]
[EventType "tourn"]
[EventRounds "19"]
[EventCountry "YUG"]
[EventCategory "6"]
[Source "ChessBase"]
[SourceDate "1999.07.01"]
[WhiteTeamCountry "YUG"]
[BlackTeamCountry "YUG"]

1. e4 e5 2. Nf3 Nc6 3. Bb5 a6 4. Ba4 d6 5. d4 Bd7 6. d5 Nb8 7. c4 Bxa4 8. Qxa4+
Nd7 9. Nc3 g6 10. b4 Nh6 11. c5 b5 12. Qc2 dxc5 13. bxc5 f6 14. a4 b4 15. Na2
a5 16. O-O Rb8 17. Rb1 Qe7 18. Be3 Ng4 19. c6 Nc5 20. Bxc5 Qxc5 21. Qe2 h5 22.
Nc1 Qa7 23. Nb3 Bc5 24. Rbc1 Bb6 25. h3 Nh6 26. Nh4 Rg8 27. Kh1 Ke7 28. f4 Be3
29. fxe5 fxe5 30. Rce1 Bg5 31. Qb2 Kd6 32. Nf3 Bf4 33. Nxe5 1-0

[Event "Budva zt"]
[Site "Budva"]
[Date "1981.??.??"]
[Round "4"]
[White "Cebalo, Miso"]
[Black "Velimirovic, Dragoljub"]
[Result "1-0"]
[WhiteElo "2500"]
[BlackElo "2520"]
[PlyCount "115"]
[EventDate "1981.10.??"]
[EventType "tourn"]
[EventRounds "19"]
[EventCountry "YUG"]
[EventCategory "6"]
[Source "ChessBase"]
[SourceDate "1999.07.01"]
[WhiteTeamCountry "YUG"]
[BlackTeamCountry "YUG"]

1. c4 e6 2. d4 Nf6 3. Nc3 Bb4 4. g3 c5 5. d5 Ne4 6. Bd2 Bxc3 7. Bxc3 Nxc3 8.
bxc3 d6 9. Bg2 e5 10. Nf3 e4 11. Nd2 e3 12. fxe3 Qe7 13. e4 Nd7 14. O-O h5 15.
Nf3 Qxe4 16. Qd3 Qe7 17. e4 Ne5 18. Nxe5 Qxe5 19. Rf4 Bd7 20. Raf1 f6 21. h4
O-O-O 22. Kh2 g5 23. Rxf6 gxh4 24. Bh3 Rhg8 25. Bxd7+ Rxd7 26. Rf8+ Rd8 27.
R8f5 Qxg3+ 28. Qxg3 hxg3+ 29. Kg2 h4 30. R5f4 Rh8 31. Rh1 Rdf8 32. Rxf8+ Rxf8
33. Rxh4 Rg8 34. Rh1 Kd7 35. Kf3 Ke7 36. Rg1 Kf6 37. Rxg3 Rh8 38. Ke3 Rh2 39.
Rf3+ Ke7 40. a4 Ra2 41. Rh3 Rxa4 42. Rh7+ Kd8 43. Kf4 Ra1 44. Kf5 Rg1 45. Rxb7
Rh1 46. Rxa7 Rh5+ 47. Kg4 Re5 48. Kf4 Rh5 49. Rg7 Ke8 50. Kg4 Re5 51. Kf3 Rh5
52. Kf4 Kd8 53. Rg5 Rh3 54. Kf5 Ke7 55. Rg7+ Ke8 56. e5 Rh5+ 57. Rg5 Rh4 58.
Rg6 1-0

[Event "Budva zt"]
[Site "Budva"]
[Date "1981.??.??"]
[Round "5"]
[White "Velimirovic, Dragoljub"]
[Black "Ivanovic, Bozidar"]
[Result "1-0"]
[WhiteElo "2520"]
[BlackElo "2550"]
[PlyCount "57"]
[EventDate "1981.10.??"]
[EventType "tourn"]
[EventRounds "19"]
[EventCountry "YUG"]
[EventCategory "6"]
[Source "ChessBase"]
[SourceDate "1999.07.01"]
[WhiteTeamCountry "YUG"]
[BlackTeamCountry "YUG"]

1. e4 c5 2. Nf3 Nc6 3. d4 cxd4 4. Nxd4 Nf6 5. Nc3 d6 6. Bc4 e6 7. Be3 a6 8. Qe2
Qc7 9. Bb3 Na5 10. g4 b5 11. g5 Nd7 12. f4 b4 13. Na4 Bb7 14. f5 e5 15. Bxf7+
Kxf7 16. Qh5+ Kg8 17. f6 g6 18. Qh3 Qc4 19. Ne6 Bxe4 20. Rf1 Kf7 21. Ng7 Bf5
22. Rxf5 gxf5 23. Qxf5 Rd8 24. b3 Qd5 25. Rd1 Qh1+ 26. Kd2 Qxh2+ 27. Kc1 Bxg7
28. Rxd6 Bf8 29. g6+ 1-0

[Event "Budva zt"]
[Site "Budva"]
[Date "1981.??.??"]
[Round "6"]
[White "Hulak, Krunoslav"]
[Black "Velimirovic, Dragoljub"]
[Result "1-0"]
[WhiteElo "2475"]
[BlackElo "2520"]
[PlyCount "81"]
[EventDate "1981.10.??"]
[EventType "tourn"]
[EventRounds "19"]
[EventCountry "YUG"]
[EventCategory "6"]
[Source "ChessBase"]
[SourceDate "1999.07.01"]
[WhiteTeamCountry "YUG"]
[BlackTeamCountry "YUG"]

1. c4 e6 2. Nf3 Nf6 3. d4 c5 4. e3 cxd4 5. exd4 d5 6. Nc3 Bb4 7. Bd3 Nc6 8. O-O
dxc4 9. Bxc4 O-O 10. Bg5 Be7 11. Re1 b6 12. Ne5 Nxd4 13. Qd3 Bb7 14. Rad1 b5
15. Nxb5 Nxb5 16. Bxb5 Nd5 17. Bc6 Bxc6 18. Nxc6 Qc7 19. Nxe7+ Nxe7 20. Rc1 Qb7
21. Rc4 Nd5 22. Rh4 g6 23. b3 f6 24. Bd2 Rfe8 25. Rhe4 Qf7 26. Qe2 Rad8 27. g3
Rd6 28. b4 Qd7 29. b5 e5 30. a4 Nb6 31. Be3 f5 32. Rb4 Nd5 33. Rb2 f4 34. Bc5
Rf6 35. Rd2 Qe6 36. Qc4 Nc7 37. Qxe6+ Nxe6 38. Bxa7 Ra8 39. b6 Nc5 40. Rd5 Nb7
41. Rdxe5 1-0

[Event "Budva zt"]
[Site "Budva"]
[Date "1981.??.??"]
[Round "7"]
[White "Velimirovic, Dragoljub"]
[Black "Avgousti, Petros"]
[Result "1-0"]
[WhiteElo "2520"]
[BlackElo "2200"]
[PlyCount "55"]
[EventDate "1981.10.??"]
[EventType "tourn"]
[EventRounds "19"]
[EventCountry "YUG"]
[EventCategory "6"]
[Source "ChessBase"]
[SourceDate "1999.07.01"]
[WhiteTeamCountry "YUG"]
[BlackTeamCountry "YUG"]

1. e4 e6 2. d4 d5 3. Nc3 Bb4 4. e5 c5 5. Qg4 Ne7 6. a3 Bxc3+ 7. bxc3 Qc7 8. Bd2
Nbc6 9. Nf3 Bd7 10. Qxg7 Rg8 11. Qxh7 O-O-O 12. Qd3 Nf5 13. h3 f6 14. Bf4 cxd4
15. cxd4 fxe5 16. Bxe5 Qa5+ 17. Qd2 Qxd2+ 18. Kxd2 Nxe5 19. dxe5 Bc6 20. g4 d4
21. gxf5 Bxf3 22. Bc4 Rge8 23. Bxe6+ Rxe6 24. fxe6 Re8 25. h4 Kd8 26. h5 Ke7
27. h6 Be4 28. Rh4 1-0

[Event "Budva zt"]
[Site "Budva"]
[Date "1981.??.??"]
[Round "9"]
[White "Ivkov, Borislav"]
[Black "Velimirovic, Dragoljub"]
[Result "1/2-1/2"]
[WhiteElo "2510"]
[BlackElo "2520"]
[PlyCount "36"]
[EventDate "1981.10.??"]
[EventType "tourn"]
[EventRounds "19"]
[EventCountry "YUG"]
[EventCategory "6"]
[Source "ChessBase"]
[SourceDate "1999.07.01"]
[WhiteTeamCountry "YUG"]
[BlackTeamCountry "YUG"]

1. e4 e5 2. Nf3 Nc6 3. Bb5 a6 4. Ba4 Nf6 5. O-O Be7 6. Re1 b5 7. Bb3 d6 8. c3
O-O 9. h3 Bb7 10. d4 Na5 11. Bc2 Nc4 12. dxe5 dxe5 13. Nbd2 Nxd2 14. Bxd2 Nd7
15. Be3 c5 16. a4 Qc7 17. b3 c4 18. bxc4 bxc4 1/2-1/2

[Event "Budva zt"]
[Site "Budva"]
[Date "1981.??.??"]
[Round "10"]
[White "Velimirovic, Dragoljub"]
[Black "Rukavina, Josip"]
[Result "1-0"]
[WhiteElo "2520"]
[BlackElo "2460"]
[PlyCount "101"]
[EventDate "1981.10.??"]
[EventType "tourn"]
[EventRounds "19"]
[EventCountry "YUG"]
[EventCategory "6"]
[Source "ChessBase"]
[SourceDate "1999.07.01"]
[WhiteTeamCountry "YUG"]
[BlackTeamCountry "YUG"]

1. e4 d6 2. d4 Nf6 3. Nc3 g6 4. f4 Bg7 5. Nf3 O-O 6. Be2 c5 7. d5 b5 8. e5 dxe5
9. fxe5 Ng4 10. Bxb5 Qc7 11. Bf4 Nxe5 12. O-O Bg4 13. Kh1 Qb7 14. Be2 Nxf3 15.
Bxf3 Bxf3 16. Qxf3 Nd7 17. Rae1 Qxb2 18. Rxe7 Nb6 19. Be5 Bxe5 20. Rxe5 Nc4 21.
Re2 Nd6 22. Ne4 Nxe4 23. Qxe4 Qd4 24. Qxd4 cxd4 25. Rd2 Rac8 26. Rf4 Rc3 27.
Kg1 d3 28. cxd3 Rc5 29. Ra4 a5 30. d6 Rd5 31. Kf2 Rd8 32. Ke3 R8xd6 33. d4 Kg7
34. Rc2 Re6+ 35. Kd3 Rg5 36. Rac4 Rd6 37. Rc5 Rg4 38. d5 Ra4 39. Kc3 h5 40. Kb3
Rd4 41. Rxa5 R4xd5 42. Rxd5 Rxd5 43. a4 g5 44. Kb4 f5 45. a5 f4 46. a6 Rd4+ 47.
Kb5 Kf6 48. a7 Rd8 49. Ra2 Ra8 50. Kb6 g4 51. Kb7 1-0

[Event "Budva zt"]
[Site "Budva"]
[Date "1981.??.??"]
[Round "11"]
[White "Afifi, Assem"]
[Black "Velimirovic, Dragoljub"]
[Result "0-1"]
[WhiteElo "2220"]
[BlackElo "2520"]
[PlyCount "80"]
[EventDate "1981.10.??"]
[EventType "tourn"]
[EventRounds "19"]
[EventCountry "YUG"]
[EventCategory "6"]
[Source "ChessBase"]
[SourceDate "1999.07.01"]
[WhiteTeamCountry "YUG"]
[BlackTeamCountry "YUG"]

1. d4 Nf6 2. c4 c5 3. e3 g6 4. Nf3 Bg7 5. Nc3 cxd4 6. exd4 d5 7. Qb3 O-O 8.
cxd5 Nbd7 9. Bf4 Nb6 10. Bc4 Bf5 11. Be5 a5 12. a4 Rc8 13. Be2 Nfxd5 14. Bxg7
Kxg7 15. Nxd5 Nxd5 16. O-O Nb4 17. Rac1 Bc2 18. Qe3 Qd5 19. Ne5 Rcd8 20. Bd1
Bf5 21. Bf3 Qxd4 22. Qxd4 Rxd4 23. Bxb7 Rb8 24. Rc7 f6 25. Rxe7+ Kf8 26. Rxh7
Kg8 27. Nf3 Kxh7 28. Nxd4 Rxb7 29. Nxf5 gxf5 30. Rd1 Kg6 31. h4 Nc6 32. Rd6 Ne5
33. Rd5 Rxb2 34. Rxa5 Ng4 35. g3 Rxf2 36. Ra8 Ra2 37. a5 f4 38. gxf4 Kf5 39.
Kf1 Kxf4 40. Ke1 Ne3 0-1

[Event "Budva zt"]
[Site "Budva"]
[Date "1981.??.??"]
[Round "12"]
[White "Velimirovic, Dragoljub"]
[Black "Tatai, Stefano"]
[Result "1/2-1/2"]
[WhiteElo "2520"]
[BlackElo "2485"]
[PlyCount "204"]
[EventDate "1981.10.??"]
[EventType "tourn"]
[EventRounds "19"]
[EventCountry "YUG"]
[EventCategory "6"]
[Source "ChessBase"]
[SourceDate "1999.07.01"]
[WhiteTeamCountry "YUG"]
[BlackTeamCountry "YUG"]

1. e4 c5 2. Nf3 d6 3. Nc3 a6 4. g3 Nc6 5. Bg2 Nf6 6. O-O e6 7. d4 cxd4 8. Nxd4
Bd7 9. Nxc6 Bxc6 10. a4 Be7 11. Be3 O-O 12. a5 Rc8 13. Bb6 Qe8 14. Bd4 Nd7 15.
Re1 Bd8 16. Nd5 f6 17. f4 f5 18. exf5 Rxf5 19. Bh3 Qg6 20. Nb4 Bb5 21. Qg4 Bf6
22. Rad1 Qf7 23. Qf3 Bxd4+ 24. Rxd4 Re5 25. Qd1 Rxe1+ 26. Qxe1 Nf8 27. Rxd6 Re8
28. Rb6 Qh5 29. Bg2 Rd8 30. Nd3 Bxd3 31. cxd3 Rxd3 32. Bf1 Rd1 33. Qf2 Qxa5 34.
Rxb7 Qd5 35. Rc7 Rd2 36. Qe3 a5 37. Qc3 Qd4+ 38. Qxd4 Rxd4 39. Rc2 Kf7 40. Bc4
Kf6 41. b3 Rd1+ 42. Kf2 Nd7 43. Ra2 Nb6 44. Ke2 Rh1 45. Kd3 Rd1+ 46. Kc2 Rh1
47. Kc3 Rc1+ 48. Kd4 a4 49. Re2 Rd1+ 50. Kc5 Nd7+ 51. Kb4 axb3 52. Rxe6+ Kf5
53. Bxb3 Rd2 54. Re7 Kf6 55. Re3 Rd6 56. h4 h6 57. Re8 g5 58. fxg5+ hxg5 59. h5
Kg7 60. Rd8 Rb6+ 61. Ka5 Rb7 62. Rg8+ Kh7 63. Be6 Nc5 64. Bd5 Rd7 65. Rxg5 Rg7
66. Rf5 Rxg3 67. Kb5 Nd3 68. Kc4 Kh6 69. Kd4 Rh3 70. Be4 Nc1 71. Bf3 Nb3+ 72.
Ke3 Rh4 73. Rf6+ Kg7 74. Rg6+ Kh8 75. Rd6 Nd4 76. Rh6+ Kg7 77. Rg6+ Kf7 78. Bg4
Nc6 79. Kf4 Ne7 80. Ra6 Rh1 81. Kg5 Ng8 82. Be6+ Kg7 83. Ra7+ Kh8 84. Bg4 Rg1
85. Ra6 Kh7 86. Ra7+ Kh8 87. Ra4 Kh7 88. Ra7+ Kh8 89. Kf4 Nf6 90. Be2 Rg7 91.
Ra5 Rf7 92. Bc4 Rf8 93. Kg5 Ne4+ 94. Kg4 Nf2+ 95. Kg3 Ne4+ 96. Kh3 Nf2+ 97. Kg2
Ne4 98. Bd3 Nf6 99. Bg6 Kg7 100. Kh3 Rb8 101. Bc2 Rb6 102. Bd1 Kh6 1/2-1/2

[Event "Budva zt"]
[Site "Budva"]
[Date "1981.??.??"]
[Round "13"]
[White "Skembris, Spyridon"]
[Black "Velimirovic, Dragoljub"]
[Result "0-1"]
[WhiteElo "2415"]
[BlackElo "2520"]
[PlyCount "122"]
[EventDate "1981.10.??"]
[EventType "tourn"]
[EventRounds "19"]
[EventCountry "YUG"]
[EventCategory "6"]
[Source "ChessBase"]
[SourceDate "1999.07.01"]
[WhiteTeamCountry "YUG"]
[BlackTeamCountry "YUG"]

1. g4 e5 2. Nc3 h5 3. g5 d5 4. d4 Nc6 5. Bg2 Bb4 6. a3 Bxc3+ 7. bxc3 Nge7 8.
Nf3 e4 9. Nh4 Ng6 10. Nxg6 fxg6 11. c4 O-O 12. Rb1 Na5 13. cxd5 Qxd5 14. Qd3
Qa2 15. Qb5 a6 16. Qb2 Qd5 17. O-O Bg4 18. c4 Nxc4 19. Qxb7 c6 20. Re1 Qxd4 21.
Bf4 Qd5 22. Bg3 Nxa3 23. Rbc1 Nb5 24. Qxc6 Qxc6 25. Rxc6 Nd4 26. Rxg6 Nxe2+ 27.
Rxe2 Bxe2 28. Bxe4 Rad8 29. Be5 Rf7 30. f4 Bd3 31. Bxd3 Rxd3 32. Rxa6 Rd2 33.
g6 Rfd7 34. f5 Rd8 35. f6 gxf6 36. Rxf6 Re8 37. Bg3 Kg7 38. Rf2 Rd4 39. Rf4
Rxf4 40. Bxf4 Re2 41. Bg3 Kxg6 42. Bf2 Kf5 43. Kg2 Kf4 44. h3 Rc2 45. Kg1 Kf3
46. Bh4 Rc4 47. Bg5 Kg3 48. h4 Rc2 49. Kf1 Rf2+ 50. Ke1 Kf3 51. Bh6 Ra2 52. Bg5
Rb2 53. Bh6 Rb4 54. Bg5 Rd4 55. Bf6 Rd5 56. Bg5 Rd6 57. Bc1 Re6+ 58. Kd1 Kf2
59. Bf4 Re4 60. Bg5 Rd4+ 61. Kc2 Kg3 0-1

[Event "Budva zt"]
[Site "Budva"]
[Date "1981.??.??"]
[Round "14"]
[White "Velimirovic, Dragoljub"]
[Black "Trikaliotis, Georgios"]
[Result "1-0"]
[WhiteElo "2520"]
[BlackElo "2345"]
[PlyCount "97"]
[EventDate "1981.10.??"]
[EventType "tourn"]
[EventRounds "19"]
[EventCountry "YUG"]
[EventCategory "6"]
[Source "ChessBase"]
[SourceDate "1999.07.01"]
[WhiteTeamCountry "YUG"]
[BlackTeamCountry "YUG"]

1. e4 c5 2. Nf3 Nc6 3. d4 cxd4 4. Nxd4 Nf6 5. Nc3 d6 6. Bc4 e5 7. Nde2 h6 8.
Bb3 Be7 9. f3 a6 10. Be3 Na5 11. Nd5 Nxd5 12. Bxd5 Be6 13. b3 Nc6 14. O-O O-O
15. c4 Rc8 16. Qd2 Bxd5 17. Qxd5 Bg5 18. Qd2 Bxe3+ 19. Qxe3 f5 20. exf5 Rxf5
21. Rad1 Rf6 22. Rd2 Qa5 23. Rfd1 Qc5 24. Qxc5 dxc5 25. Rd7 b6 26. Nc3 Re6 27.
R1d6 Rxd6 28. Rxd6 Kf8 29. Nd5 b5 30. Nb6 Rc7 31. cxb5 axb5 32. Rd7 Rxd7 33.
Nxd7+ Ke7 34. Nxc5 Kd6 35. Ne4+ Kd5 36. Kf2 Kd4 37. Ke2 b4 38. Kd2 Ne7 39. Ng3
g6 40. Ne2+ Kd5 41. g4 Nc6 42. Ke3 Ne7 43. f4 h5 44. fxe5 Kxe5 45. Nf4 Nd5+ 46.
Nxd5 Kxd5 47. gxh5 gxh5 48. Kd3 h4 49. h3 1-0

[Event "Budva zt"]
[Site "Budva"]
[Date "1981.??.??"]
[Round "16"]
[White "Velimirovic, Dragoljub"]
[Black "Mariotti, Sergio"]
[Result "1/2-1/2"]
[WhiteElo "2520"]
[BlackElo "2475"]
[PlyCount "82"]
[EventDate "1981.10.??"]
[EventType "tourn"]
[EventRounds "19"]
[EventCountry "YUG"]
[EventCategory "6"]
[Source "ChessBase"]
[SourceDate "1999.07.01"]
[WhiteTeamCountry "YUG"]
[BlackTeamCountry "YUG"]

1. e4 e5 2. Nf3 Nc6 3. c3 Nf6 4. d4 Nxe4 5. d5 Ne7 6. Nxe5 Ng6 7. Qd4 Qe7 8.
Qxe4 Qxe5 9. Qxe5+ Nxe5 10. Be3 b6 11. Bd4 f6 12. Bxe5 fxe5 13. Nd2 Bb7 14. Bc4
c6 15. dxc6 Bxc6 16. Nf3 b5 17. Bb3 Bxf3 18. gxf3 Bc5 19. Bd5 O-O-O 20. Rg1 g6
21. Rg4 Rhf8 22. a4 bxa4 23. Raxa4 d6 24. h4 Kd7 25. h5 Rf6 26. hxg6 Rxg6 27.
Rh4 Rg7 28. Rag4 Re7 29. Ke2 a5 30. Rh2 Rb8 31. b3 Rc8 32. Kd3 Kc7 33. Rc4 Kb8
34. Rch4 Rcc7 35. b4 axb4 36. cxb4 Bb6 37. Rh6 Red7 38. Ke4 Ra7 39. Bc6 Rf7 40.
Kd5 Rxf3 41. Rxh7 Rxh7 1/2-1/2

[Event "Budva zt"]
[Site "Budva"]
[Date "1981.??.??"]
[Round "17"]
[White "Fernandes, Antonio"]
[Black "Velimirovic, Dragoljub"]
[Result "0-1"]
[WhiteElo "2390"]
[BlackElo "2520"]
[PlyCount "82"]
[EventDate "1981.10.??"]
[EventType "tourn"]
[EventRounds "19"]
[EventCountry "YUG"]
[EventCategory "6"]
[Source "ChessBase"]
[SourceDate "1999.07.01"]
[WhiteTeamCountry "YUG"]
[BlackTeamCountry "YUG"]

1. d4 c5 2. dxc5 e6 3. Nc3 Nf6 4. e4 Qa5 5. Bd3 Bxc5 6. Nf3 b5 7. O-O b4 8. Ne2
Bb7 9. e5 Ng4 10. Ng3 Nc6 11. Bf4 h6 12. Qe2 g5 13. Bd2 Ngxe5 14. Nxe5 Nxe5 15.
a3 Nxd3 16. axb4 Nf4 17. Rxa5 Nxe2+ 18. Nxe2 Bb6 19. Ra3 d5 20. Be3 Kd7 21. f4
gxf4 22. Rxf4 Ke7 23. Bc5+ Bxc5+ 24. bxc5 e5 25. Rfa4 a6 26. Rb4 Bc6 27. Rb6
Rhc8 28. Rh3 Rab8 29. Rxb8 Rxb8 30. Rxh6 f6 31. Rh7+ Ke6 32. Rc7 Be8 33. b3 a5
34. Ra7 Rb5 35. Rc7 d4 36. Kf2 Bg6 37. Rc6+ Ke7 38. c3 d3 39. Ng3 Rxb3 40. Nf1
Rb2+ 41. Ke3 Re2+ 0-1

[Event "Budva zt"]
[Site "Budva"]
[Date "1981.??.??"]
[Round "18"]
[White "Velimirovic, Dragoljub"]
[Black "Guimaraes, Jorge"]
[Result "1-0"]
[WhiteElo "2520"]
[BlackElo "2260"]
[PlyCount "49"]
[EventDate "1981.10.??"]
[EventType "tourn"]
[EventRounds "19"]
[EventCountry "YUG"]
[EventCategory "6"]
[Source "ChessBase"]
[SourceDate "1999.07.01"]
[WhiteTeamCountry "YUG"]
[BlackTeamCountry "YUG"]

1. g3 Nf6 2. Bg2 d5 3. f4 g6 4. Nf3 Bg7 5. O-O c5 6. d3 O-O 7. Nc3 Nc6 8. e4
dxe4 9. dxe4 Qxd1 10. Rxd1 e5 11. h3 Nh5 12. Kh2 f5 13. exf5 gxf5 14. fxe5 Nxe5
15. Nd5 Ng6 16. c3 Rf7 17. Ng5 Rd7 18. Bf3 Nf6 19. Nxf6+ Bxf6 20. Bd5+ Kg7 21.
Ne6+ Kh8 22. Nxc5 Rd6 23. Bh6 Rb8 24. Bg2 Rb6 25. Re1 1-0

[Event "YUG-ch"]
[Site "Vrbas"]
[Date "1982.??.??"]
[Round "?"]
[White "Cebalo, Miso"]
[Black "Velimirovic, Dragoljub"]
[Result "1/2-1/2"]
[WhiteElo "2495"]
[BlackElo "2500"]
[PlyCount "77"]
[EventDate "1982.??.??"]
[EventType "tourn"]
[EventRounds "17"]
[EventCountry "YUG"]
[EventCategory "9"]
[Source "ChessBase"]
[SourceDate "1999.07.01"]
[WhiteTeamCountry "YUG"]
[BlackTeamCountry "YUG"]

1. d4 Nf6 2. c4 e6 3. Nc3 Bb4 4. e3 O-O 5. Bd3 c5 6. Nge2 d5 7. O-O Nc6 8. cxd5
exd5 9. a3 cxd4 10. exd4 Bd6 11. Bf4 Bg4 12. Qd2 Bxe2 13. Nxe2 Re8 14. Rfe1 Ne4
15. Bxe4 Rxe4 16. Bxd6 Qxd6 17. f3 Re6 18. Nf4 Rf6 19. g3 h6 20. Re3 g5 21. Nh5
Re6 22. Rae1 Rxe3 23. Qxe3 Rf8 24. Kg2 f5 25. Qe6+ Qxe6 26. Rxe6 Nxd4 27. Rxh6
Rc8 28. Kf2 f4 29. gxf4 gxf4 30. Nxf4 Rc2+ 31. Ke3 Nf5+ 32. Kd3 Rxb2 33. Kc3
Rf2 34. Rh3 Ra2 35. Kb3 Rd2 36. Rh5 Ne7 37. Kc3 Rf2 38. Nxd5 Rxf3+ 39. Kb2
1/2-1/2

[Event "YUG-ch"]
[Site "Vrbas"]
[Date "1982.??.??"]
[Round "?"]
[White "Dizdar, Goran"]
[Black "Velimirovic, Dragoljub"]
[Result "1/2-1/2"]
[WhiteElo "2380"]
[BlackElo "2500"]
[PlyCount "103"]
[EventDate "1982.??.??"]
[EventType "tourn"]
[EventRounds "17"]
[EventCountry "YUG"]
[EventCategory "9"]
[Source "ChessBase"]
[SourceDate "1999.07.01"]
[WhiteTeamCountry "YUG"]
[BlackTeamCountry "YUG"]

1. Nf3 Nf6 2. g3 d5 3. Bg2 e6 4. O-O Be7 5. c4 O-O 6. b3 a5 7. Nc3 Ne4 8. Bb2
Bf6 9. d4 Nxc3 10. Bxc3 b6 11. Qc2 Bb7 12. Rad1 a4 13. Ne5 axb3 14. axb3 Qc8
15. cxd5 exd5 16. b4 Rd8 17. Qb3 Nc6 18. Nxc6 Bxc6 19. b5 Bb7 20. e3 Qd7 21.
Ra1 Be7 22. Rxa8 Rxa8 23. Ra1 Rxa1+ 24. Bxa1 Qd6 25. Bb2 Qb4 26. Qxb4 Bxb4 27.
Bf1 Bc8 28. Bd3 g5 29. f3 f5 30. Kf2 h6 31. Bc2 Kf7 32. Bb3 Be6 33. g4 fxg4 34.
fxg4 Ke7 35. h3 Kd6 36. Bc2 Bd7 37. Bd3 c6 38. bxc6 Bxc6 39. Kf3 b5 40. Ke2 Ba5
41. Kf3 b4 42. e4 dxe4+ 43. Bxe4 Bd5 44. Ke3 Kc6 45. Bxd5+ Kxd5 46. Kd3 Bb6 47.
Ba1 Bc7 48. Bb2 Bf4 49. Ba1 Bc1 50. Kc2 Ba3 51. Kb3 Bc1 52. Kc2 1/2-1/2